|
|
|
|
| LEADER |
00663cam a2200217 a 4500 |
| 001 |
0000043609 |
| 005 |
19990607090000.0 |
| 040 |
|
|
|a mod
|
| 041 |
|
|
|a eng
|
| 020 |
0 |
0 |
|a 0729601757
|
| 090 |
0 |
0 |
|a 600
|b FEL
|c f
|
| 100 |
1 |
0 |
|a Feldman
|h Anthony
|
| 245 |
1 |
0 |
|a Technology at work
|c by Anthony Feldman and Bill Gunston
|
| 260 |
0 |
0 |
|a Sydney
|b Books for Pleasure
|c 1980
|
| 300 |
0 |
0 |
|a 336p.
|b ill.
|c 30cm
|
| 650 |
0 |
0 |
|a Technology
|x Popular works
|
| 650 |
0 |
0 |
|a Material
|x Popular works
|
| 700 |
1 |
0 |
|a Gunston
|h Bill
|
| 852 |
0 |
0 |
|a 01
|
| 999 |
|
|
|a 0044713
|b KEMENTAH
|d BOOKS
|e Rujukan
|f Perpustakaan KEMENTAH
|j AVAILABLE
|q OLD
|
| 999 |
|
|
|a 3002002317
|b KTU
|d BOOKS
|e Rujukan
|f KTU
|j AVAILABLE
|q GOOD CONDITION
|